00724nam a2200241 a 4500001001300000003000900013005001700022008004100039020001000080082001300090100001800103245003600121260005000157300000800207500003500215505003800250650003200288700001800320902000800338942000700346952011400353999001500467nice12345678IN_TiNIC20260116012534.0050524s1982 bana grp 000 0 eng  ac10000a070bKUM aKumar, Ranjit aNational Directory of Christian aBangalorebNational Writers Associationc1982 a65p aincludes index and biblioraphy2 a1.Muharram Namah 2. Hilal-E-Matam aWriters-Christian Directory1 aKumar, Ranjit bRBA cBK 001040708RareBook->aHMIbHMId2007-03-15g100.00l0o070 KUMp011561r2007-03-15v100.00w2005-05-24yBK c7403d7403